Fr. Conceicao Rodrigues College of Engineering

Mechanical Metallurgy (Record no. 22099)

MARC details
000 -LEADER
fixed length control field 00339nam a2200169Ia 4500
082 ## - DEWEY DECIMAL CLASSIFICATION NUMBER
Classification number 620.1123
Item number DIE
100 ## - MAIN ENTRY--PERSONAL NAME
Personal name Dieter/G.E
245 ## - TITLE STATEMENT
Title Mechanical Metallurgy
260 ## - PUBLICATION, DISTRIBUTION, ETC.
Name of publisher, distributor, etc. McGraw Hill
Date of publication, distribution, etc. 1928
366 ## - TRADE AVAILABILITY INFORMATION
Publishers's discount category 25
300 ## - PHYSICAL DESCRIPTION
Extent 751
546 ## - LANGUAGE NOTE
Language note ENGLISH
650 ## - SUBJECT ADDED ENTRY--TOPICAL TERM
Topical term or geographic name entry element Metallurgy
654 ## - SUBJECT ADDED ENTRY--FACETED TOPICAL TERMS
Focus term metallurgy
942 ## - ADDED ENTRY ELEMENTS (KOHA)
Koha item type BOOK
Holdings
Withdrawn status Lost status Damaged status Not for loan Collection Home library Current library Date acquired Source of acquisition Cost, normal purchase price Inventory number Total Checkouts Full call number Barcode Date due Date last seen Date last checked out Cost, replacement price Price effective from Koha item type
        CRC Fr. Agnel's C.Rodrigues College of Engineering Fr. Agnel's C.Rodrigues College of Engineering 17/03/2023 Allied Publisher 416.59 2831 dt 13/01/2010   620.1123 DIE 20324   17/03/2023   555.45   BOOK
        CRC Fr. Agnel's C.Rodrigues College of Engineering Fr. Agnel's C.Rodrigues- College of Engineering 17/03/2023 Allied Publisher 416.59 2831 dt 13/01/2010 1 620.1123 DIE 20323 18/10/2019 12/06/2023 12/06/2023 555.45   BOOK